000 01148nab a22002297a 4500
999 _c6410
_d6410
003 OSt
005 20260202114527.0
008 190429b xxu||||| |||| 00| 0 spa d
040 _cPJ
100 _96552
_aSalvatori, Rita
245 1 3 _aLa actuación del abogado del niño a partir del reposicionamiento de la víctima en el proceso penal /
_cRita Salvatori.
260 _cCiudad Autónoma de Buenos Aires :
_aThomson Reuters La Ley,
_b2023.
300 _ap. 173-184
500 _aCita Online: AR/DOC/1522/2023.
505 _aSumario: I. Introducción.— II. Génesis del abogado del niño.— III. Capacidad para designar abogado del niño en un proceso penal.— IV. Funciones del abogado del niño.— V. Consideraciones finales.— VI. Bibliografía.
505 _tSi te interesa el texto completo, solicitalo a koha@justierradelfuego.gov.ar
650 0 _9343
_aDERECHO PENAL
650 0 _aPROCESO PENAL
_92348
650 0 _aABOGADO DEL NIÑO
_94105
773 0 _02658
_93164
_tRevista de derecho penal y criminología. Nº 7 - Agosto 2023
_dCiudad Autónoma de Buenos Aires : Thomson Reuters La Ley, 2017-
_x00347914
942 _2udc
_cANA